000
00491nam a2200145Ia 4500
008
100122s9999 xx 000 0 und d
082
_b
15972
_a
823.08
100
_a
दळवी जयवंत
245
_a
कशासाठी पोटासाठी
260
_b
मॅजेस्टिक बुक स्टॉल
_c
1965
300
_a
199
630
_a
कशासाठी पोटासाठी
730
_a
कशासाठी पोटासाठी
942
_c
BOOK
999
_c
406085
_d
406082